000 00595nam a2200157Ia 4500
008 220216s9999 xx 000 0 und d
100 _aAmbily P K
245 0 _aCloning and expression of 3-hydroxy -3-methyglutaryl-Coa reductase 1(Hmgr 1) from Hevea brasiliensis
260 _bIRC 2012. International Rubber Conference, 28-31 October 2012, Kovalam, India, Rubber Research Institute of India, Kottayam and IRRDB, Malaysia: Abstracts. pp.97-98
650 _aCloning
700 _aAnnamalainathan K
700 _aKrishnakumar R
700 _aSathik M B M
700 _aThomas M
942 _cBS
999 _c50009
_d50009